The Puffin book of funny stories / (Record no. 26281)
[ view plain ]
| 000 -LEADER | |
|---|---|
| fixed length control field | 00806 a2200217 4500 |
| 008 - FIXED-LENGTH DATA ELEMENTS--GENERAL INFORMATION | |
| fixed length control field | 090512t xxu||||| |||| 00| 0 eng d |
| 010 ## - LCCN (DPL NO) | |
| LC control number | B-285045 |
| 020 ## - INTERNATIONAL STANDARD BOOK NUMBER | |
| International Standard Book Number | 0143335170 |
| Terms of availability | 225.00 |
| 020 ## - INTERNATIONAL STANDARD BOOK NUMBER | |
| International Standard Book Number | 9780143335177 |
| Terms of availability | 225.00 |
| 035 ## - SYSTEM CONTROL NUMBER | |
| System control number | B-285045, B-215214 |
| 037 ## - SOURCE OF ACQUISITION | |
| Source of stock number/acquisition | UBH |
| 040 ## - CATALOGING SOURCE | |
| Original cataloging agency | dpl |
| Language of cataloging | English |
| 082 ## - DEWEY DECIMAL CLASSIFICATION NUMBER | |
| Classification number | S |
| 245 ## - TITLE STATEMENT | |
| Title | The Puffin book of funny stories / |
| Statement of responsibility, etc | illustrated by Amit Vachharajani |
| 260 ## - PUBLICATION, DISTRIBUTION, ETC. (IMPRINT) | |
| Place of publication, distribution, etc | New Delhi |
| Name of publisher, distributor, etc | Puffin Books |
| Date of publication, distribution, etc | 2005 |
| 270 ## - ADDRESS | |
| Address | 11, Community Centre, Panchsheel Park |
| City | New Delhi |
| Postal code | 110017 |
| 300 ## - PHYSICAL DESCRIPTION | |
| Extent | 199p.: |
| Dimensions | 20cm. (pbk) |
| Other physical details | ill. |
| 700 ## - ADDED ENTRY--PERSONAL NAME | |
| Personal name | Vachharajani, Amit |
| 942 ## - ADDED ENTRY ELEMENTS (KOHA) | |
| Institution code [OBSOLETE] | dpl |
| Item type | Children Books |
| Source of classification or shelving scheme | Dewey Decimal Classification |
| Classification part | S |
| Call number suffix | THE |
| Withdrawn status | Lost status | Source of classification or shelving scheme | Damaged status | Not for loan | Collection code | Home library | Current library | Date acquired | Source of acquisition | Cost, normal purchase price | Total Checkouts | Total Renewals | Full call number | Barcode | Date last seen | Copy number | Cost, replacement price | Koha item type |
|---|---|---|---|---|---|---|---|---|---|---|---|---|---|---|---|---|---|---|
| Dewey Decimal Classification | Fiction | Patel Nagar | Patel Nagar | 06/12/2018 | BPPD/PUB | 225.00 | 2 | S THE | B-215214 | 24/01/2019 | 225.00 | Children Books | ||||||
| Dewey Decimal Classification | Fiction | Vinoba Puri | Vinoba Puri | 13/05/2009 | UBH/143/25.8.08/187/21.7.08/29.8.08 | 225.00 | 33 | 4 | S THE | B-285045 | 06/04/2024 | 1 | 225.00 | Children Books |
